Vatra na Gügli

Bibliographic Details
Main Author: Šanoba, Jozef (Author)
Format: Article
Language:Slovak
Subjects:

MARC

LEADER 00000nab a2200000 a 4500
001 vtls001000119
003 SK-MaSNL
005 20260303041515.0
008 040720e19950000xo 0 slo
035 |a RV720 
040 |a RVGKPD  |b slo  |c RVGKPD  |e AACR2 
041 0 |a slo 
044 |a xo  |c SK 
080 |a 323.215  |2 1981 
100 1 |a Šanoba, Jozef  |4 aut  |9 1026736 
245 1 0 |a Vatra na Gügli 
650 0 7 |a Slovenská republika, vznik, 1993  |2 SNKPH  |9 67866 
650 0 7 |a štátna zvrchovanosť  |2 RVGKPD  |9 4433 
650 0 7 |a oslavy  |2 RVGKPD  |9 484766 
651 7 |a Gočovo (Slovensko)  |2 RVGKPD  |9 58511 
773 0 |t Dobšinské noviny  |g Č. 7 (1995), s. 3 
852 |a ZVYKNI  |b KIS3GCP 
999 |c 1687331  |d 1689261